000 00544nam a2200229Ia 4500
003 OSt
005 20221005040052.0
006 a|||||r|||| 00| 0
007 ta
008 221004b |||||||| |||| 00| 0 eng d
024 _a34913
037 _cTextual
040 _aCRL
_cCRL
_beng
041 _2eng
_aeng
082 _aZ2,8,11w, M8
245 0 _aEminent Indian judges
260 _aDelhi
_bMittal
_c1988
300 _a509p
_ccm.
650 _aLAW
942 _hZ2,8,11w, M8
_cTEXL
_2cc
999 _c946312
_d946312